01363nam a2200277 i 4500001000300000245029400003246007500297260003200372300003600404490004200440500012600482500003500608504002400643650002600667650001800693650006000711650003600771700004100807830004400848020001500892040000800907041001300915080001800928008004100946856009800987bg00aTeoretyczne i praktyczne aspekty badań ekologicznych :bwykłady Międzynarodowej Ekologicznej Szkoły Letniej Uniwersytetu im. /cred. Lubomira Burchardt ; Uniwersytet im. Adama Mickiewicza w PoznaniunA. Mickiewicza, Poznań - Polska i Old Dominion University, Norfolk-Wirginia, USA.1 aTheoretical and the practical aspects in the ecological investigations aPoznań :b"Sorus",c1997. a221 s. :brys., wykr. ;c24 cm.1 aIdee Ekologiczne. Seria Szkice,vnr 6 aTyt. równol. : The theoretical and the practical aspects in the ecological investigations. - Tekst równol. pol., ang. aSer. gł. : 1230-3048 ; t. 10. aBibliogr. przy ref. 9aEkologiaxzagadnienia 9aHydrobiologia 9aŚrodowisko człowiekaxhigiena i ochronaxzagadnienia 9aWody śródlądowexekologia1 aBurchardt, Lubomirad(1944- ).eRed. 0aIdee Ekologiczne.pSeria Szkice ;vnr 6 a8387133094 cBPK0 aplenben a574.5(28):504 s pl f |000 0 pol  uhttp://koha.tu.koszalin.pl/cgi-bin/koha/opac-detail.pl?biblionumber=31823yKatalog online BPK